| 000 | 02043cam a22005294i 4500 | ||
|---|---|---|---|
| 003 | PE-LiUPU | ||
| 005 | 20250731180135.0 | ||
| 008 | 150625s r 000 0 d | ||
| 020 | _a9701506421 | ||
| 035 | _a(Sirsi) i9789701506424 | ||
| 040 |
_aPE-LiUPU _bspa _cPE-LiUPU _erda |
||
| 049 | _aPRUA | ||
| 082 | 0 | 4 |
_a574.50658 _bCAMA _221 |
| 110 | 2 | _aOficina Internacional del Trabajo | |
| 245 | 1 | 0 |
_aCapacitación en administración del medio ambiente : un programa OIT/PNUMA de apoyo a los dirigentes y alos institutos de dirección : _bAdministración de proyectos y el medio ambiente. _n2 / _cOficina Internacional del Trabajo ; bajo la dirección de R. G. A. Boland. |
| 264 | 1 |
_aBogotá : _bAlfaomega, _c2001. |
|
| 300 |
_a154 páginas ; _c28 centímetros |
||
| 336 |
_atext _2rdacontent |
||
| 337 |
_aunmediated _2rdamedia |
||
| 338 |
_avolume _2rdacarrier |
||
| 504 | _aIncluye bibliografía. | ||
| 505 | 0 | _aCampo de aplicación de la administración del medio ambiente. -Desarrollo de proyectos. -Ejecución de proyectos. -Control de proyecto y evaluación del mediao ambiente. | |
| 526 | _aSEG44 | ||
| 526 | _aSEG26 | ||
| 526 | _aP159 | ||
| 526 | _aP155 | ||
| 526 | _aP154 | ||
| 526 | _aP153 | ||
| 526 | _aP150 | ||
| 526 | _aP100 | ||
| 526 | _aP31 | ||
| 526 | _aP30 | ||
| 526 | _aP26 | ||
| 526 | _aP25 | ||
| 526 | _aP24 | ||
| 526 | _aP22 | ||
| 526 | _aP15 | ||
| 526 | _aP10 | ||
| 541 | _g015-009039; | ||
| 650 | 0 | 4 |
_aAdministración de proyectos. _94935 |
| 700 | 1 |
_aBoland, R. G. A., _edirector. |
|
| 942 |
_2ddc _cBOOK |
||
| 949 |
_a574.50658 CAMA 2 _wDEWEY _c1 _i57865 _lCCODEBUL1 _mBUL _p21.00 _r0 _sY _tBOOK _u2015-6-25 _xINGENIERIA _PP24 _0COMPRA _o.STAFF. Colección General |
||
| 994 |
_aC0 _bPEPRU |
||
| 596 | _a1 | ||
| 999 |
_a574.50658 CAMA 2 _wDEWEY _c46852 _i57865 _f2021-11-5 _g7 _lCCODEBUL1 _mBUL _p21.00 _r0 _sN _tBOOK _u2015-6-25 _xBIBLIOTECA _PP24 _0COMPRA _o.STAFF. Colección General _d46852 |
||
| 980 |
_81 _gALBERTO SANCHEZ Responsable de Automatización |
||